000 00297nam a2200121Ia 4500
008 231106s2021 xx 000 0 und d
041 _aeng
082 _a751.422
100 _aGEOFF KERSEY
245 _aTAKE THREE COLOURS: WATERCOLOUR SEASCAPES
260 _bSEARCH PRESS
_c2021
300 _aP-63
999 _c920558
_d920558